000 01116nam a2200253Ia 4500
003 OSt
005 20220930094934.0
006 a|||||r|||| 00| 0
007 ta
008 220926b |||||||| |||| 00| 0 hin d
024 _a55974
037 _cTheses
040 _aCRL
_cCRL
_bhin
041 _2hin
_ahin
100 _aरमन, यशपाल, ले.
110 _aदिल्ली विश्वविद्यालय. कला संकाय. हिंदी विभाग
_9556835
245 0 _aनवजागरणकालीन साहित्यिक चेतना के निर्माण में वैचारिक स्रोतों की भूमिका।
246 _aNavajāgaraṇakālīn sāhityik chetanā ke nirmāṇ mean vaichārik srotoan kī bhūmikā।
260 _c2018
300 _a281 पृ.
_ap.
_ccm.
700 _aदिल्ली विश्वविद्यालय. कला संकाय. हिंदी विभाग
_9556836
942 _cDIS
_2CC
999 _c888004
_d888004